000 00604 a2200181 4500
999 _c28973
_d28973
003 NUST
005 20180118153906.0
008 180118b xxu||||| |||| 00| 0 eng d
020 _a0691125457
020 _a9780691125459
082 0 4 _a530.15
100 _aFaris, William G.
_98879
245 1 0 _aDiffusion, quantum theory, and radically elementary mathematics. /
_cWilliam G. Faris.
260 _a[S.l.] :
_bPrinceton University Press,
_c2006.
300 _a254 p. ;
_c24 cm.
490 1 _aMn-47: (mathematical notes (princeton university press)
700 1 _aFaris, William G.
_98879
830 0 _aMn-47: (mathematical notes (princeton university press)
_98880
942 _aSNS
_cBK
_k530.15 FAR
_2ddc